[Event "GER-ch Schools U18 Girls"]
[Site "Germany"]
[Date "2009.05.18"]
[Round "7.2"]
[White "Danicka, Karolina"]
[Black "Zibell, Christine"]
[Result "1-0"]
[WhiteElo "800"]
[BlackElo "794"]
[PlyCount "57"]
[EventDate "2009.05.16"]
[EventType "team-swiss"]
[EventRounds "7"]
[EventCountry "GER"]
[SourceTitle "EXT 2011"]
[Source "ChessBase"]
[SourceDate "2010.11.26"]
[SourceVersion "1"]
[SourceVersionDate "2010.11.26"]
[SourceQuality "1"]
[WhiteTeam "St Marien (W)"]
[BlackTeam "Neubrandenburg (W)"]
[WhiteTeamCountry "GER"]
[BlackTeamCountry "GER"]

1. e4 e5 2. Nf3 Nc6 3. d4 f6 4. d5 Nd4 5. Nxd4 exd4 6. Qxd4 Bc5 7. Qxc5 d6 8. Qe3 Ne7 9. Bb5+ Bd7 10. Qh3 c6 11. Bxc6 bxc6 12. Qd3 cxd5 13. exd5 0-0 14. 0-0 Bf5 15. Qd2 Rc8 16. Nc3 a6 17. b4 Qc7 18. Bb2 Rfe8 19. Qf4 Qd7 20. b5 Ng6 21. Qg3 axb5 22. Ba3 Bxc2 23. Bxd6 Qf5 24. Nxb5 Qe4 25. Bc7 Re7 26. Nd6 Qe2 27. Nxc8 Re4 28. d6 Rg4 29. Rae1 1-0